Mastering the instructional design process: A systematic approach (Record no. 21943)

MARC details
000 -LEADER
fixed length control field 00531nam a2200181Ia 4500
008 - FIXED-LENGTH DATA ELEMENTS--GENERAL INFORMATION
fixed length control field 230917s9999||||xx |||||||||||||| ||und||
020 ## - ISBN
Price USD79.95
040 ## - CATALOGING SOURCE
-- 238850
Original cataloging agency VIVEKANANDA LIBRARY
041 ## - Language
-- English
082 ## - DDC NUMBER
Classification number 658.3 R746M(5)
100 ## - MAIN ENTRY--PERSONAL NAME
Personal name Rothwell, William J
245 #0 - TITLE STATEMENT
Title Mastering the instructional design process: A systematic approach
250 ## - EDITION STATEMENT
Edition statement 5th ed.
260 ## - PUBLICATION, DISTRIBUTION, ETC. (IMPRINT)
Place of publication, distribution, etc Hoboken
Name of publisher, distributor, etc John Wiley
Date of publication, distribution, etc 2016
300 ## - PHYSICAL DESCRIPTION
Pages xxvii, 397 p.
500 ## - GENERAL NOTE
General note 2669 10/03/2017 APD17/1050970 14/03/2017 IMSAR (Dev. & Research)
942 ## - ADDED ENTRY ELEMENTS (KOHA)
Koha item type Books
Holdings
Withdrawn status Lost status Damaged status Not for loan Location (home branch) Sublocation or collection (holding branch) Shelving location Date acquired Koha issues (times borrowed) Koha full call number Accession No. Koha date last seen Koha item type
        VIVEKANANDA LIBRARY VIVEKANANDA LIBRARY IMSAR Library 17/05/2017   658.3 R746M(5) 365448 17/09/2023 Books
© Designed and Maintained by Vivekananda Library, MDU Rohtak